LIBRARY & INFORMATION CENTRE, KCAET, TAVANUR

ONLINE PUBLIC ACCESS CATALOGUE (OPAC)

Preventive Medicine and Public Health / (Record no. 1270)

MARC details
000 -LEADER
fixed length control field 00482cam a2200181ua 4500
041 ## - LANGUAGE CODE
Language code of text/sound track or separate title eng
082 ## - DEWEY DECIMAL CLASSIFICATION NUMBER
Classification number 614.44
Item number SMI/PR
100 ## - MAIN ENTRY--AUTHOR NAME
Personal name Smillie, Wilson.G .
245 ## - TITLE STATEMENT
Title Preventive Medicine and Public Health /
250 ## - EDITION STATEMENT
Edition statement 3 /
260 ## - PUBLICATION, DISTRIBUTION, ETC. (IMPRINT)
Place of publication Newyork :
Name of publisher MacMillan and Company Limited ,
Year of publication 1962.
300 ## - PHYSICAL DESCRIPTION
Number of Pages 602 ; .
700 1# - ADDED ENTRY--PERSONAL NAME
Personal name Kilbourne, Edwin.D .
942 ## - ADDED ENTRY ELEMENTS (KOHA)
Koha item type Books
Holdings
Withdrawn status Lost status Damaged status Home library Current library Date acquired Full call number Accession Number Koha item type Public note
Withdrawn     Central Prison Tavanur KAUAET 07/04/2012 614.44 4587 A Books Deleted
Withdrawn     KAUAET KAUAET 07/04/2012 614.44 4587 C Books Deleted
free website counter